Bytový dom
Saved in:
| Main Author: | |
|---|---|
| Other Authors: | |
| Format: | Manuscript Book |
| Language: | Slovak |
| Published: |
2015
|
| Subjects: | |
| Online Access: | http://is.stuba.sk/zp/portal_zp.pl?podrobnosti=91167 https://opac.crzp.sk/?fn=detailBiblioForm&sid=A1BE4CBC10A6410E2AD4728DE444 |
| Tags: |
No Tags, Be the first to tag this record!
|
MARC
| LEADER | 00000ntm a22000003a 4500 | ||
|---|---|---|---|
| 001 | stuzp49921 | ||
| 003 | SK-STU | ||
| 005 | 20230818132646.4 | ||
| 007 | ta | ||
| 008 | 150427s2015----xo-----f-mn---000-0-slo-d | ||
| 040 | |a STU |b slo | ||
| 041 | 0 | |a slo | |
| 100 | 1 | |a Špeťko, Adam |u 010180 |4 aut |U SvF Stavebná fakulta |T SvF Katedra konštrukcií pozemných stavieb |X 42146 |U V180 |Y 18 |7 42146 | |
| 242 | 0 | 1 | |a Apartment block |y eng |
| 245 | 1 | 0 | |a Bytový dom |
| 260 | |c 2015 | ||
| 650 | 4 | |a obytný komplex |2 slo | |
| 650 | 4 | |a železobetón |2 slo | |
| 650 | 4 | |a obojsmerný nosný systém |2 slo | |
| 650 | 4 | |a residential complex |2 eng | |
| 650 | 4 | |a reinforced concrete |2 eng | |
| 650 | 4 | |a bidirectional support system |2 eng | |
| 700 | 1 | |a Vavrovič, Boris |4 ths |X 619 |7 A000000619 | |
| 856 | 4 | |u http://is.stuba.sk/zp/portal_zp.pl?podrobnosti=91167 | |
| 856 | 4 | |u https://opac.crzp.sk/?fn=detailBiblioForm&sid=A1BE4CBC10A6410E2AD4728DE444 | |
| SQL | |a stuzp49921 |b DBP |c SLO |d Bytový dom |e 42146 |f Špeťko, Adam |g 010180 |h 619 |i Vavrovič, Boris |j 20150624 |k 4 |l 01 |m http://is.stuba.sk/zp/portal_zp.pl?podrobnosti=91167 |n B-PSA |o 5.1.4. pozemné stavby, 5.1.1. architektúra a urbanizmus | ||